000 00727cab a2200241 4500
001 ABS57142
008 090401t1997 xxu||||| |||| 00| 0 eng d
035 _a(Sirsi) u98471
041 _aeng
100 _aWilcox, Steve
245 _aThinking about rents
260 _c1997
350 _a0
490 _aRoof
_v22(3) May/June 1997, 1-6(6)
520 _aRents of registered social landlords are the key issue. Highlighting the Government`s 1995 White Paper. Regional comparisons between RSL and private sector rents.
650 _aPRIVATE SECTOR RENTS
650 _aREGISTERED SOCIAL LANDLORDS
650 _aRESIDENTIAL RENTS
650 _aWHITE PAPER
690 _aHOUSING
942 _n0
948 _c12/06/1997
999 _c59856
_d59856